| 000 | 01696nam0a2200385 4500 | ||
|---|---|---|---|
| 001 | RU\NLR\BIBL_A\012483819 | ||
| 005 | 20210409141347.0 | ||
| 010 |
_a978-5-94802-133-1 _9500 |
||
| 021 |
_aRU _bКН-П-20-073076 _9КН-П-20-5496 |
||
| 035 | _a(NLR Aleph) 012483819 | ||
| 035 | _a(RuMoRGB)010485980 | ||
| 090 |
_a12144471 _c12144471 |
||
| 100 | _a20210324d2021 u y0rusy50 ca | ||
| 101 | 0 | _arus | |
| 102 | _aRU | ||
| 105 | _ac|||gzzz000zy | ||
| 181 | 0 |
_ai2 _baxxe |
|
| 182 | 0 | _an | |
| 200 | 1 |
_aКонституция Российской Федерации 2020: принятие, изменения, поправки _eсправочное пособие _fЕ. А. Юртаева |
|
| 203 |
_aТекст _bвизуальный _cнепосредственный |
||
| 210 |
_aМосква _cЭнциклопедия _d2021 [т.е. 2020] |
||
| 215 |
_a118, [2] с., [1] л. цв. портр. _d24 |
||
| 300 | _aНа обл. авт. не указан | ||
| 300 | _aФактическая дата выхода в свет - 2020 | ||
| 300 | _aНа авнтит. авт.: Юртаева Е.А., к.ю.н., доц. | ||
| 320 | _aБиблиогр. в тексте | ||
| 604 |
_171001$aРоссийская Федерация _1500##$aКонституция$n1993$xПоправки$2nlr_sh2$3RU\NLR\AUTH\6601677848 |
||
| 686 | 1 | _aХ620.12Р02"1993" | |
| 700 | 1 |
_aЮртаева _bЕ. А. _gЕвгения Анатольевна |
|
| 742 | 1 |
_aРоссийская Федерация _tКонституция _f1993 _3RU\NLR\AUTH\8810001333 _4570 |
|
| 942 | _cBOOK | ||
| 980 | _aNB | ||